Az időtlenség csapdája
Elmentve itt :
| Szerző: | |
|---|---|
| Adatforrás: | Meister |
| Forrásdokumentuma: | Korunk. - 3 sz., 1994, 43-44 p. |
| Nyelv: | magyar |
| Kulcsszavak: | politikai publicisztika politikai intézmények autonómia magyarok (romániai) RMDSZ-politika SALAT Levente RMDSZ-Romániai Magyar Demokrata Szövetség |
| LEADER | 00548nab a2200193 i 4500 | ||
|---|---|---|---|
| 001 | bibPRO00000046 | ||
| 008 | 060524s1994 xx hun | ||
| 040 | |a Sz1 | ||
| 041 | |a hun | ||
| 100 | 1 | |a TOKAY György | |
| 245 | 1 | 3 | |a Az időtlenség csapdája |c TOKAY György |
| 695 | |a politikai publicisztika | ||
| 695 | |a politikai intézmények | ||
| 695 | |a autonómia | ||
| 695 | |a magyarok (romániai) | ||
| 695 | |a RMDSZ-politika | ||
| 695 | |a SALAT Levente | ||
| 695 | |a RMDSZ-Romániai Magyar Demokrata Szövetség | ||
| 773 | 0 | |t Korunk. - |g 3 sz., 1994, 43-44 p. | |